[Event "23.Schlosspark-Open"]
[Site "Wiesbaden"]
[Date "2011.08.28"]
[Round "6.32"]
[White "Larem, Peter"]
[Black "Krzesinski, Paul"]
[Result "1-0"]
[WhiteElo "1914"]
[BlackElo "1832"]
[PlyCount "63"]
[EventDate "2011.??.??"]
[WhiteTeam "SSG Rödermark-Epp."]
[BlackTeam "Frankfurter TV 1860"]

1. e4 e5 2. d4 exd4 3. c3 d5 4. exd5 Qxd5 5. cxd4 Nc6 6. Nf3 Bg4 7. Be2 Bb4+ 8.
Nc3 Bxf3 9. Bxf3 Qc4 10. Bxc6+ bxc6 11. Qe2+ Qxe2+ 12. Kxe2 Bxc3 13. bxc3 Kd7
14. Be3 Nf6 15. c4 Rhb8 16. Rhb1 Rb6 17. Rb3 Ne4 18. Kd3 Re8 19. d5 cxd5 20.
Bxb6 dxc4+ 21. Kxc4 Nd2+ 22. Kb5 a6+ 23. Kxa6 Nxb3 24. Rd1+ Kc6 25. axb3 cxb6
26. Rc1+ Kd5 27. Rc7 Re6 28. Rxf7 Rg6 29. g3 Kc5 30. Rf5+ Kc6 31. b4 Kd7 32.
Rf7+ 1-0

[Event "23.Schlosspark-Open"]
[Site "Wiesbaden"]
[Date "2011.08.28"]
[Round "6.33"]
[White "Wang, Julia"]
[Black "Gentner, Markus"]
[Result "0-1"]
[WhiteElo "1719"]
[BlackElo "2026"]
[PlyCount "104"]
[EventDate "2011.??.??"]
[WhiteTeam "Heilbronner SV"]
[BlackTeam "SC Murrhardt 1948 e.V."]

1. e4 c6 2. d4 d5 3. e5 c5 4. dxc5 Nc6 5. Bb5 e6 6. Be3 Qa5+ 7. Nc3 Bd7 8. Bxc6
Bxc6 9. Nf3 Bxc5 10. Nd4 Bb4 11. Bd2 Qc7 12. f4 Bc5 13. Nb3 Bb6 14. Qg4 g6 15.
Ne2 Ne7 16. Ned4 O-O-O 17. O-O-O a5 18. Be3 a4 19. Nd2 Kb8 20. a3 Rc8 21. Kb1
Bb5 22. Rc1 Ba6 23. Qg3 Bc5 24. Qe1 Qb6 25. Nf5 Nxf5 26. Bxc5 Rxc5 27. Nf3 Rhc8
28. Qd2 Rb5 29. c3 h5 30. h3 Ng3 31. Rhd1 Ne4 32. Qc2 Nxc3+ 33. Ka1 Nxd1 34.
Qxc8+ Ka7 35. Rxd1 Rxb2 36. Rc1 Rb3 37. Qc5 Rb1+ 38. Ka2 Rxc1 39. Qxc1 Qb3+ 40.
Ka1 Bc4 41. Qb2 Qd1+ 42. Qb1 Qxb1+ 43. Kxb1 Bf1 44. g3 Bxh3 45. Ng5 Bf5+ 46.
Kb2 Kb6 47. Kc3 Kc5 48. Nxf7 d4+ 49. Kd2 b5 50. Nd6 b4 51. axb4+ Kxb4 52. Kc1
a3 0-1

[Event "23.Schlosspark-Open"]
[Site "Wiesbaden"]
[Date "2011.08.28"]
[Round "6.34"]
[White "Schmitt, Hans Walter"]
[Black "Beck, Michael"]
[Result "0-1"]
[WhiteElo "2130"]
[BlackElo "1885"]
[PlyCount "96"]
[EventDate "2011.??.??"]
[WhiteTeam "Chess Tigers SFV"]
[BlackTeam "SC Flörsheim 1921"]

1. d4 d5 2. Nf3 Nf6 3. c4 c6 4. Nc3 e6 5. e3 Nbd7 6. Qc2 Bd6 7. Bd3 O-O 8. O-O
dxc4 9. Bxc4 b5 10. Bd3 Bb7 11. e4 e5 12. Ne2 Qc7 13. Rd1 Rfe8 14. Bg5 Rac8 15.
Rac1 a6 16. Qd2 Qb8 17. Ng3 c5 18. dxc5 Bxc5 19. h3 g6 20. Bxf6 Nxf6 21. Qg5
Re6 22. h4 h6 23. Qxh6 Bxf2+ 24. Kf1 Rxc1 25. Rxc1 Bxg3 26. Ng5 Rd6 27. h5 Qf8
28. Qxf8+ Kxf8 29. Rc7 Rd7 30. Rc3 Nxh5 31. Be2 Bf4 32. Bg4 Rd8 33. Nxf7 Kxf7
34. Rc7+ Kf6 35. Rxb7 Rd2 36. Rb6+ Kg5 37. Bf3 Rxb2 38. Rxa6 Ng3+ 39. Ke1 Rb1+
40. Bd1 Nxe4 41. Ra3 Rb2 42. Bf3 Nf6 43. Be2 b4 44. Ra5 Ne4 45. Bd3 Nc3 46. g4
Rxa2 47. Rc5 Be3 48. Rxe5+ Kf4 0-1

[Event "23.Schlosspark-Open"]
[Site "Wiesbaden"]
[Date "2011.08.28"]
[Round "6.35"]
[White "Kaspereit, Holger"]
[Black "Makilla, Tobias"]
[Result "1/2-1/2"]
[WhiteElo "2124"]
[BlackElo "1937"]
[PlyCount "44"]
[EventDate "2011.??.??"]
[WhiteTeam "SK Ebringen"]
[BlackTeam "Sfr.1932 Kelkheim"]

1. c4 e5 2. g3 Bc5 3. Bg2 d6 4. Nc3 Nc6 5. e3 Be6 6. d3 Nge7 7. Nge2 O-O 8. d4
Bxc4 9. dxc5 dxc5 10. O-O Ng6 11. b3 Be6 12. Bb2 Qg5 13. f4 Qh5 14. a3 Bg4 15.
Qc2 Rad8 16. Rfe1 Rd7 17. Rad1 Rxd1 18. Rxd1 exf4 19. Rd5 Nce5 20. Nxf4 Qh6 21.
Qf2 Be6 22. h3 Nxf4 1/2-1/2

[Event "23.Schlosspark-Open"]
[Site "Wiesbaden"]
[Date "2011.08.28"]
[Round "6.36"]
[White "Will, Patrick"]
[Black "Launert, Martin"]
[Result "1-0"]
[WhiteElo "2021"]
[BlackElo "1875"]
[PlyCount "59"]
[EventDate "2011.??.??"]
[WhiteTeam "SC Bad Nauheim"]
[BlackTeam "Sfr.Erbach"]

1. d4 Nf6 2. c4 g6 3. g3 Bg7 4. Bg2 c5 5. d5 d6 6. Nc3 O-O 7. Nf3 Nbd7 8. O-O
a6 9. a4 Rb8 10. e4 h6 11. h3 Nh7 12. Qe2 Ne5 13. Nxe5 dxe5 14. Be3 Qd6 15. Qd2
g5 16. a5 Bd7 17. f3 b5 18. axb6 Qxb6 19. Rfb1 Qb4 20. Bf1 a5 21. Qf2 Rfc8 22.
Na2 Qb6 23. Nc1 e6 24. Nd3 exd5 25. cxd5 Bf8 26. Nxe5 Bb5 27. Bxb5 Qxb5 28. Nc6
Ra8 29. Rc1 c4 30. Qd2 1-0

[Event "23.Schlosspark-Open"]
[Site "Wiesbaden"]
[Date "2011.08.28"]
[Round "6.37"]
[White "Hehn, Hartmut"]
[Black "Preiß, Vincent"]
[Result "1/2-1/2"]
[WhiteElo "2080"]
[BlackElo "1869"]
[PlyCount "56"]
[EventDate "2011.??.??"]
[WhiteTeam "SV Ebersbach"]
[BlackTeam "SV Saarbrücken 1970"]

1. Nf3 d5 2. d4 Nf6 3. c4 c6 4. Nc3 e6 5. e3 Nbd7 6. Qb3 Bd6 7. Be2 O-O 8. O-O
dxc4 9. Qxc4 Qc7 10. Bd2 e5 11. dxe5 Nxe5 12. Nxe5 Be6 13. Qh4 Bxe5 14. Rac1
Rad8 15. Rfd1 Nd5 16. Nb5 Qb6 17. Nd4 Bf6 18. Qe4 Rfe8 19. Nxe6 Rxe6 20. Qc2
Red6 21. b3 Bg5 22. Bf3 Nb4 23. Bxb4 Qxb4 24. Rxd6 Rxd6 25. Rd1 Rxd1+ 26. Qxd1
Qa5 27. a4 g6 28. g3 Qd8 1/2-1/2

[Event "23.Schlosspark-Open"]
[Site "Wiesbaden"]
[Date "2011.08.28"]
[Round "6.38"]
[White "Zimmer, Gerald"]
[Black "Busche, Stefan"]
[Result "0-1"]
[WhiteElo "1944"]
[BlackElo "2079"]
[PlyCount "54"]
[EventDate "2011.??.??"]
[WhiteTeam "SC Bergen-Enkheim 1922"]
[BlackTeam "SV Saarbrücken 1970"]

1. d4 Nf6 2. Nf3 g6 3. g3 Bg7 4. Bg2 O-O 5. O-O d5 6. b3 c5 7. c3 Ne4 8. Bb2
Nc6 9. e3 Bg4 10. h3 Bxf3 11. Bxf3 cxd4 12. cxd4 Qa5 13. Bxe4 dxe4 14. Nd2 f5
15. a3 Rac8 16. Rc1 Qd5 17. Rc5 Qd7 18. Kg2 b6 19. Rc1 e6 20. b4 Ne7 21. Qb3
Nd5 22. Nc4 b5 23. Ne5 Bxe5 24. dxe5 Rxc1 25. Rxc1 Rc8 26. Qd1 Rc4 27. Rxc4
Nxe3+ 0-1

[Event "23.Schlosspark-Open"]
[Site "Wiesbaden"]
[Date "2011.08.28"]
[Round "6.39"]
[White "Tuchtfeld, Jürgen"]
[Black "Dehning-Busse, Karsten"]
[Result "1-0"]
[WhiteElo "2038"]
[BlackElo "1828"]
[PlyCount "79"]
[EventDate "2011.??.??"]
[WhiteTeam "SK Ebringen"]
[BlackTeam "SF Lilienthal von 1971"]

1. c4 Nf6 2. g3 g6 3. Bg2 Bg7 4. Nc3 e5 5. e4 d6 6. Nge2 c6 7. d3 O-O 8. O-O
Na6 9. h3 Nc7 10. f4 exf4 11. gxf4 d5 12. cxd5 cxd5 13. e5 Nh5 14. Be3 Be6 15.
Kh2 Bh6 16. Bc5 Re8 17. Bd6 Qd7 18. Rf2 Rac8 19. a4 a5 20. d4 Na6 21. Nxd5 Bxd5
22. Bxd5 Nb4 23. Bb3 Qf5 24. Bxb4 axb4 25. Qd2 Rc7 26. Raf1 Bf8 27. Ng3 Nxg3
28. Kxg3 Rec8 29. d5 Bc5 30. Rf3 h5 31. d6 Rd7 32. a5 Kg7 33. Ba4 Rdd8 34. d7
Rc7 35. Qd3 h4+ 36. Kg2 Qh5 37. Qe4 Rf8 38. Kh1 Kh6 39. f5 g5 40. e6 1-0

[Event "23.Schlosspark-Open"]
[Site "Wiesbaden"]
[Date "2011.08.28"]
[Round "6.40"]
[White "Cordes, Lothar"]
[Black "Partzsch, Lukas"]
[Result "1-0"]
[WhiteElo "1942"]
[BlackElo "2034"]
[PlyCount "89"]
[EventDate "2011.??.??"]
[WhiteTeam "SF Lilienthal von 1971"]
[BlackTeam "SC Matt im Park Ffm"]

1. d4 Nf6 2. Nf3 d6 3. c4 Nbd7 4. Nc3 e5 5. e4 Be7 6. Be2 O-O 7. O-O c6 8. b3
Re8 9. Re1 Bf8 10. Bf1 a6 11. a4 a5 12. Ba3 Qc7 13. Rc1 Be7 14. Qd2 Nf8 15. d5
N8d7 16. Rcd1 c5 17. h3 Nf8 18. Nxe5 dxe5 19. d6 Bxd6 20. Qxd6 Qxd6 21. Rxd6
Ne6 22. Nd5 Nd7 23. Rd1 Rb8 24. Nb6 Nf6 25. f3 h6 26. g4 Kh8 27. h4 g5 28. hxg5
hxg5 29. Bb2 Nxg4 30. fxg4 Nd4 31. Bxd4 exd4 32. Nxc8 Rbxc8 33. Rd7 Rxe4 34.
Rxf7 Rxg4+ 35. Kf2 Rb8 36. Bg2 Rf4+ 37. Rxf4 gxf4 38. Be4 Kg7 39. Kf3 Kf6 40.
Kxf4 Ke6 41. Bf5+ Kd6 42. Re1 Rh8 43. Re6+ Kc7 44. Re7+ Kb8 45. Be4 1-0

[Event "23.Schlosspark-Open"]
[Site "Wiesbaden"]
[Date "2011.08.28"]
[Round "6.41"]
[White "Supplieth, Peter"]
[Black "Sprünken, Dirk"]
[Result "1/2-1/2"]
[WhiteElo "2028"]
[BlackElo "1821"]
[PlyCount "176"]
[EventDate "2011.??.??"]
[WhiteTeam "SC Kevelaer 1948 e.V."]
[BlackTeam "SK Freising"]

1. e4 c6 2. d4 d5 3. Bd3 dxe4 4. Bxe4 Nf6 5. Bf3 Bf5 6. Ne2 e6 7. Ng3 Bg6 8.
O-O Qc7 9. Nc3 Bd6 10. Re1 O-O 11. Nce4 Nxe4 12. Bxe4 Bxe4 13. Rxe4 Nd7 14. Rh4
Be7 15. Rh3 Rfd8 16. c3 Nf8 17. Qg4 f5 18. Qf3 c5 19. Bf4 Bd6 20. Bxd6 Rxd6 21.
dxc5 Qxc5 22. Qxb7 Rad8 23. Qf3 g6 24. Nf1 e5 25. Qe3 Ne6 26. Re1 Qxe3 27.
Rhxe3 e4 28. f3 Ng5 29. h4 f4 30. R3e2 exf3 31. Re8+ Rxe8 32. Rxe8+ Kf7 33. Ra8
fxg2 34. Rxa7+ Ke6 35. Kxg2 Nf7 36. c4 h6 37. c5 Rc6 38. b4 g5 39. hxg5 hxg5
40. Ra3 Kd5 41. Rb3 Kc4 42. Nd2+ Kb5 43. Ne4 Re6 44. Nc3+ Kc4 45. b5 Kxc5 46.
b6 Re8 47. Na4+ Kc6 48. Rc3+ Kb5 49. b7 Nd6 50. b8=Q+ Rxb8 51. Rb3+ Kxa4 52.
Rxb8 Nc4 53. Rg8 Ka3 54. Ra8+ Kb4 55. Kf3 Ne5+ 56. Ke4 Nc4 57. Kd4 Nd6 58. Rb8+
Ka3 59. Ra8+ Kb4 60. Ke5 Nc4+ 61. Kd4 Nd6 62. Kd5 Nf5 63. Ke4 Nd6+ 64. Kf3 Nc4
65. Kg4 Ne5+ 66. Kf5 Nd3 67. Rb8+ Ka4 68. Ke4 Nc5+ 69. Kd4 Ne6+ 70. Kc4 Ka5 71.
Rb5+ Ka6 72. Rf5 Kb7 73. Rf7+ Kc6 74. Rf6 Kd6 75. a4 g4 76. a5 g3 77. Rg6 Ke5
78. a6 Nc7 79. a7 Ke4 80. Rg7 Na8 81. Re7+ Kf3 82. Kd3 g2 83. Rg7 Kf2 84. Rg6
f3 85. Ke4 g1=Q 86. Rxg1 Kxg1 87. Kxf3 Kh2 88. Ke4 Kg3 1/2-1/2

[Event "23.Schlosspark-Open"]
[Site "Wiesbaden"]
[Date "2011.08.28"]
[Round "6.42"]
[White "Schmidt, Volker"]
[Black "Steimbach, Isabel"]
[Result "0-1"]
[WhiteElo "2013"]
[BlackElo "1561"]
[PlyCount "118"]
[EventDate "2011.??.??"]
[WhiteTeam "SAbt TuS Dotzheim"]
[BlackTeam "OSG Baden-Baden"]

1. c4 Nf6 2. Nc3 e6 3. e4 d6 4. f4 b6 5. Nf3 Bb7 6. d3 c5 7. Be2 Be7 8. O-O O-O
9. Qe1 Nc6 10. a3 a6 11. h3 h6 12. b3 Qc7 13. Bd1 Rad8 14. Ra2 d5 15. e5 Nh7
16. cxd5 exd5 17. Qg3 Kh8 18. Kh1 Bc8 19. Rd2 b5 20. Ne2 Be6 21. d4 c4 22. Ne1
Bf5 23. Bb2 Na5 24. b4 Nc6 25. Bc3 a5 26. Bc2 Bxc2 27. Nxc2 axb4 28. axb4 Rfe8
29. Qf3 f6 30. Qh5 Bf8 31. Rdd1 Kg8 32. Ra1 Ra8 33. Qf3 Qd7 34. Ng3 g6 35. Rfe1
f5 36. Nf1 Bg7 37. Nfe3 Ne7 38. Reb1 Reb8 39. Be1 Rxa1 40. Rxa1 Rd8 41. Ra6 Qb7
42. Rd6 Rxd6 43. exd6 Nc8 44. d7 Qxd7 45. Nxd5 Nf8 46. Nc3 Nb6 47. Bf2 Nc8 48.
Na3 Nd6 49. Qd5+ Qe6 50. Qc6 Ne4 51. Qxe6+ Nxe6 52. Nxe4 fxe4 53. Nxb5 Nxf4 54.
Be3 Nd5 55. Bd2 e3 56. Be1 Bf8 57. Na3 Nxb4 58. Bxb4 Bxb4 59. Nc2 e2 0-1

[Event "23.Schlosspark-Open"]
[Site "Wiesbaden"]
[Date "2011.08.28"]
[Round "6.43"]
[White "Beulertz, Stefan"]
[Black "Reichenbächer, Thomas"]
[Result "1/2-1/2"]
[WhiteElo "1897"]
[BlackElo "1996"]
[PlyCount "47"]
[EventDate "2011.??.??"]
[WhiteTeam "Malta Chess Federation"]
[BlackTeam "SC Steißlingen"]

1. e4 c6 2. Nf3 g6 3. d4 Bg7 4. Nc3 d6 5. h3 e6 6. Bd3 f6 7. O-O Nh6 8. e5 dxe5
9. dxe5 f5 10. a4 Nf7 11. Qe2 O-O 12. Bc4 Re8 13. Re1 a5 14. h4 h6 15. Bf4 b6
16. Rad1 Qe7 17. Qe3 Nd7 18. Rd2 Nc5 19. Red1 Kh7 20. b3 Ba6 21. Bxa6 Rxa6 22.
g3 Raa8 23. Kg2 Rac8 24. Rd4 1/2-1/2

[Event "23.Schlosspark-Open"]
[Site "Wiesbaden"]
[Date "2011.08.28"]
[Round "6.44"]
[White "Schellen, Sven"]
[Black "Sarközy, Benjamin"]
[Result "0-1"]
[WhiteElo "1754"]
[BlackElo "1944"]
[PlyCount "96"]
[EventDate "2011.??.??"]
[WhiteTeam "Sfr. Frankfurt 1921"]
[BlackTeam "SF Dettingen 1950"]

1. d4 c5 2. e3 Nf6 3. c4 b6 4. Be2 Bb7 5. Nf3 cxd4 6. exd4 d5 7. cxd5 Nbd7 8.
d6 exd6 9. O-O Be7 10. Re1 O-O 11. Nc3 a6 12. Bf4 b5 13. a3 Nb6 14. Bg5 Qd7 15.
Rc1 Rac8 16. Qb3 h6 17. Bh4 Nfd5 18. Bxe7 Nxe7 19. Nd2 Nc6 20. Nf3 Na5 21. Qd1
Nac4 22. Bxc4 Nxc4 23. Rc2 Nxb2 24. Rxb2 Rxc3 25. Rb3 Bxf3 26. gxf3 Rc4 27.
Rbe3 Qf5 28. Qe2 Rxd4 29. Re8 Rxe8 30. Qxe8+ Kh7 31. Qc6 d5 32. Qc3 Rf4 33. Re5
Qg6+ 34. Kf1 Rc4 35. Qd2 d4 36. f4 d3 37. f5 Qd6 38. Re3 Rd4 39. Rg3 f6 40. Re3
Qd5 41. f3 Qxf5 42. Kg2 Qd7 43. Kg3 Qd6+ 44. Kg2 Qxa3 45. Qf2 Qd6 46. Re6 Qxe6
47. Qxd4 Qe2+ 48. Kh3 Qxf3+ 0-1

[Event "23.Schlosspark-Open"]
[Site "Wiesbaden"]
[Date "2011.08.28"]
[Round "6.45"]
[White "Schünemann, Robert"]
[Black "Dittmar, Thomas"]
[Result "1/2-1/2"]
[WhiteElo "1649"]
[BlackElo "1952"]
[PlyCount "35"]
[EventDate "2011.??.??"]
[WhiteTeam "SV Saarbrücken 1970"]
[BlackTeam "SF Fürth 1951 e.V."]

1. e4 c6 2. d4 d5 3. exd5 cxd5 4. c4 Nf6 5. Nc3 e6 6. Bg5 Bb4 7. cxd5 exd5 8.
Bb5+ Nc6 9. Nf3 O-O 10. O-O a6 11. Bxf6 gxf6 12. Ba4 Bf5 13. Rc1 Rc8 14. Kh1
Bg6 15. Nh4 f5 16. Nxg6 hxg6 17. Bb3 Bxc3 18. Rxc3 1/2-1/2

[Event "23.Schlosspark-Open"]
[Site "Wiesbaden"]
[Date "2011.08.28"]
[Round "6.48"]
[White "Ruppert, Wolfgang"]
[Black "Beck, Andreas"]
[Result "1-0"]
[WhiteElo "2155"]
[BlackElo "1700"]
[PlyCount "55"]
[EventDate "2011.??.??"]
[WhiteTeam "SC Flörsheim 1921"]
[BlackTeam "TSVG1900 Malschenberg"]

1. e4 c5 2. d4 cxd4 3. c3 dxc3 4. Nxc3 d6 5. Bc4 Nc6 6. Nf3 Nf6 7. Bg5 e6 8.
O-O Be7 9. Qe2 a6 10. Rfd1 O-O 11. Rac1 b5 12. Bb3 Bb7 13. e5 Ne8 14. Ne4 Bxg5
15. Nexg5 Nxe5 16. Nxe5 Qxg5 17. Ng4 h5 18. Ne3 d5 19. g3 Nd6 20. h4 Qf6 21.
Qxh5 d4 22. f4 dxe3 23. Rxd6 Qxb2 24. Rc2 Qa3 25. Rxe6 Bc8 26. Re8 Bb7 27.
Qxf7+ Kh8 28. Qh5# 1-0

[Event "23.Schlosspark-Open"]
[Site "Wiesbaden"]
[Date "2011.08.28"]
[Round "6.49"]
[White "Hess, Max"]
[Black "Kolker, Vladislav"]
[Result "0-1"]
[WhiteElo "1645"]
[BlackElo "2086"]
[PlyCount "98"]
[EventDate "2011.??.??"]
[WhiteTeam "Post-SV Memmingen"]
[BlackTeam "Sfr.1891 Friedberg"]

1. e4 e5 2. Nf3 Nc6 3. d4 exd4 4. Nxd4 Bc5 5. Nb3 Bb6 6. Qe2 d6 7. Be3 Be6 8.
Nc3 Nf6 9. O-O-O Ng4 10. Nd4 Nxe3 11. fxe3 Qg5 12. Kb1 Nxd4 13. exd4 Bg4 14.
Qb5+ Qxb5 15. Bxb5+ c6 16. Be2 Bd7 17. d5 Bc7 18. Rd2 O-O 19. dxc6 bxc6 20. Na4
Be6 21. c4 Rfd8 22. Rhd1 Kf8 23. c5 d5 24. exd5 Rxd5 25. Bf3 Rxd2 26. Rxd2 Bd5
27. Bxd5 Rd8 28. Nc3 Bxh2 29. Rd3 cxd5 30. Rxd5 Rxd5 31. Nxd5 h5 32. Kc2 Be5
33. b4 g5 34. Kd3 f5 35. c6 Ke8 36. b5 g4 37. Ke3 h4 38. Kf2 f4 39. a4 Bd4+ 40.
Kf1 f3 41. Nc7+ Ke7 42. Nd5+ Kd6 43. c7 Kd7 44. c8=Q+ Kxc8 45. Ne7+ Kb7 46. Nf5
h3 47. gxh3 gxh3 48. Ng3 h2 49. Nh1 Kb6 0-1

[Event "23.Schlosspark-Open"]
[Site "Wiesbaden"]
[Date "2011.08.28"]
[Round "6.50"]
[White "Reinert, Stéphane"]
[Black "Künitz, Klaus"]
[Result "1-0"]
[WhiteElo "2070"]
[BlackElo "1684"]
[PlyCount "33"]
[EventDate "2011.??.??"]
[WhiteTeam "SC Bad Nauheim"]
[BlackTeam "TSV Schott Mainz"]

1. d4 f5 2. Bg5 g6 3. Nd2 Bg7 4. e4 fxe4 5. Nxe4 Nf6 6. Bd3 d5 7. Ng3 Nc6 8. c3
O-O 9. Qe2 e5 10. dxe5 Nxe5 11. Bc2 Qd6 12. O-O-O Bg4 13. f3 Bd7 14. Bxf6 Bxf6
15. Rxd5 Qb6 16. Bb3 Be6 17. Rb5 1-0

[Event "23.Schlosspark-Open"]
[Site "Wiesbaden"]
[Date "2011.08.28"]
[Round "6.51"]
[White "Krebs, Armin"]
[Black "Bykov, Vyacheslav"]
[Result "1/2-1/2"]
[WhiteElo "1896"]
[BlackElo "1614"]
[PlyCount "87"]
[EventDate "2011.??.??"]
[WhiteTeam "SV Ebersbach"]
[BlackTeam "Wiesbadener SV 1885"]

1. e4 e6 2. d4 d5 3. Nc3 Nf6 4. Bg5 Be7 5. e5 Nfd7 6. Bxe7 Qxe7 7. f4 a6 8. Nf3
c5 9. Bd3 cxd4 10. Nxd4 O-O 11. O-O b5 12. Kh1 Nc5 13. f5 Qg5 14. fxe6 Nxe6 15.
Nf3 Qd8 16. Nxd5 Bb7 17. Nc3 b4 18. Ne4 a5 19. a3 Nc6 20. Nd6 Ba6 21. Bxa6 Rxa6
22. axb4 Nxb4 23. c3 Nc6 24. Qd3 Rb6 25. Qe4 Nc5 26. Qc4 Nd7 27. Nxf7 Qe7 28.
N7g5+ Kh8 29. Qe4 g6 30. e6 Nf6 31. Qc4 Qb7 32. Nf7+ Kg7 33. Nd4 Nxd4 34. Qxd4
Rxe6 35. Nd6 Qxb2 36. Rxa5 h5 37. Ra7+ Kh6 38. Nf7+ Rxf7 39. Rxf7 Ne4 40. Qe3+
Ng5 41. Qf4 Re4 42. Qf6 Nxf7 43. Qxf7 Qxc3 44. Qf8+ 1/2-1/2

[Event "23.Schlosspark-Open"]
[Site "Wiesbaden"]
[Date "2011.08.28"]
[Round "6.52"]
[White "Lanz, Udo"]
[Black "Puzzo, Peter"]
[Result "1-0"]
[WhiteElo "1845"]
[BlackElo "1471"]
[PlyCount "103"]
[EventDate "2011.??.??"]
[WhiteTeam "SC Eberbach"]
[BlackTeam "Sfr. Frankfurt 1921"]

1. e4 c5 2. f4 Nc6 3. Nf3 d6 4. d3 g6 5. c3 Bg7 6. Be2 Nf6 7. O-O O-O 8. Na3
Bd7 9. Nc2 Rc8 10. a4 a6 11. h3 Qc7 12. g4 Kh8 13. Qe1 Rg8 14. Ne3 e6 15. Qh4
Rcf8 16. Ng5 h6 17. Ng2 Ne7 18. Nf3 h5 19. Ng5 Bh6 20. gxh5 Kg7 21. hxg6 Nxg6
22. Qg3 Bxg5 23. Qxg5 Nh7 24. Qg3 Kh8 25. f5 Ne5 26. Qh4 exf5 27. exf5 Bc6 28.
Bg4 Bxg2 29. Kxg2 Nxd3 30. Bh6 Re8 31. Kh1 Qc6+ 32. Bf3 d5 33. c4 Qd6 34. Bxd5
Re2 35. Bf4 Nxf4 36. Qxf4 Qxf4 37. Rxf4 Rg3 38. Rh4 Rxb2 39. Bxf7 Kg7 40. Bd5
Nf6 41. Rg1 Rxg1+ 42. Kxg1 Ne8 43. Re4 Nf6 44. Re7+ Kh6 45. Rxb7 Rxb7 46. Bxb7
a5 47. h4 Kh5 48. Kf2 Kxh4 49. Kf3 Kg5 50. Bc8 Ng4 51. Ke4 Nf6+ 52. Ke5 1-0

[Event "23.Schlosspark-Open"]
[Site "Wiesbaden"]
[Date "2011.08.28"]
[Round "6.53"]
[White "Lorenz, Hermann"]
[Black "Stang, Wolfgang"]
[Result "0-1"]
[WhiteElo "1580"]
[BlackElo "1834"]
[PlyCount "90"]
[EventDate "2011.??.??"]
[WhiteTeam "Sfr.Mainz 1928"]
[BlackTeam "PSV Dorfen"]

1. c4 Nf6 2. Nc3 g6 3. Nf3 Bg7 4. g3 O-O 5. Bg2 c5 6. O-O Nc6 7. e3 d6 8. d4
Bf5 9. Re1 Rc8 10. d5 Nb8 11. e4 Bg4 12. h3 Bxf3 13. Bxf3 Nbd7 14. Bf4 a6 15.
a4 Ne5 16. Bxe5 dxe5 17. Bg2 Ne8 18. Qc2 Nd6 19. b3 Qe8 20. Rad1 f5 21. Qd3 Qf7
22. f3 Qf6 23. Rf1 Qg5 24. Kh2 Rf7 25. Rf2 Rcf8 26. Rdf1 h5 27. Qe2 h4 28. g4
Bh6 29. Kg1 Qf6 30. Bh1 Bf4 31. Rg2 Bg3 32. Rxg3 hxg3 33. Bg2 Qh4 34. exf5 gxf5
35. Qxe5 fxg4 36. fxg4 Rxf1+ 37. Bxf1 Qf6 38. Qe6+ Kg7 39. Qxf6+ Rxf6 40. Bg2
Rf2 41. Nd1 Rd2 42. Nc3 Rd3 43. Ne2 Rxb3 44. a5 Nxc4 45. Nf4 Rb1+ 0-1

[Event "23.Schlosspark-Open"]
[Site "Wiesbaden"]
[Date "2011.08.28"]
[Round "6.54"]
[White "Wohlfahrt, Michael"]
[Black "Van Bömmel, Philipp"]
[Result "1-0"]
[WhiteElo "1765"]
[BlackElo "1577"]
[PlyCount "39"]
[EventDate "2011.??.??"]
[WhiteTeam "SAbt TSF Welzheim"]
[BlackTeam "SC 1979 Hattersheim"]

1. e4 c6 2. d4 d5 3. exd5 cxd5 4. Bd3 Nf6 5. h3 Nc6 6. c3 e6 7. Bf4 Bd6 8. Bxd6
Qxd6 9. Nf3 Bd7 10. O-O O-O 11. Re1 Rac8 12. Nbd2 a6 13. a4 Nb8 14. Ne5 b5 15.
Nxd7 Qxd7 16. axb5 axb5 17. Qb3 Qc7 18. Bxb5 Nbd7 19. Bxd7 Nxd7 20. Nf3 1-0

[Event "23.Schlosspark-Open"]
[Site "Wiesbaden"]
[Date "2011.08.28"]
[Round "6.55"]
[White "Pogosian, Norair"]
[Black "Spelleken, Hans-Gerd"]
[Result "0-1"]
[WhiteElo "1586"]
[BlackElo "1714"]
[PlyCount "62"]
[EventDate "2011.??.??"]
[WhiteTeam "CE Strassbourg"]
[BlackTeam "SC Alzenau"]

1. e4 b6 2. d4 Bb7 3. Bd3 e6 4. Nf3 Nf6 5. Qe2 Be7 6. O-O c5 7. c3 O-O 8. Bg5
Nc6 9. e5 Nd5 10. Qe4 g6 11. Bh6 f5 12. exf6 Nxf6 13. Qh4 Nh5 14. Qg4 Rf7 15.
Nbd2 cxd4 16. Ne4 Kh8 17. Rfe1 dxc3 18. bxc3 Qg8 19. Rab1 Bf8 20. Bxf8 Raxf8
21. Qg5 Rf5 22. Qe3 Ne5 23. Qd4 Qg7 24. Nfd2 Nxd3 25. Qxd3 Rd5 26. Qe3 Nf4 27.
Qg3 Nd3 28. Re3 Nxf2 29. Nxf2 Rxd2 30. Ne4 Rxa2 31. Nd6 Rxg2+ 0-1

[Event "23.Schlosspark-Open"]
[Site "Wiesbaden"]
[Date "2011.08.28"]
[Round "6.56"]
[White "Jordake, Michael"]
[Black "Leßmann, Sven"]
[Result "1-0"]
[WhiteElo "1732"]
[BlackElo "1250"]
[PlyCount "128"]
[EventDate "2011.??.??"]
[WhiteTeam "SC Bergen-Enkheim 1922"]
[BlackTeam "SC Bad Soden"]

1. e4 e6 2. Nc3 Nc6 3. Nf3 Bb4 4. Ne2 e5 5. c3 Ba5 6. Ng3 Nf6 7. Bb5 d6 8. O-O
O-O 9. d4 exd4 10. Bxc6 bxc6 11. Qa4 Bb6 12. cxd4 Bd7 13. Qc2 Re8 14. h3 Re7
15. Bg5 Qf8 16. e5 dxe5 17. dxe5 Nd5 18. Bxe7 Qxe7 19. Rfe1 Nb4 20. Qe4 Qc5 21.
Rf1 Qb5 22. Ng5 g6 23. Qh4 Kf8 24. Qxh7 Be8 25. Qh8+ Ke7 26. Qf6+ Kd7 27. Nxf7
Bxf7 28. Qxf7+ Kc8 29. e6 Kb7 30. a4 Qe5 31. a5 Bc5 32. Qxg6 Rf8 33. Ne4 Bd4
34. e7 Qxe7 35. a6+ Kc8 36. Rad1 c5 37. Qg4+ Kb8 38. Qe2 Rf6 39. Ra1 Re6 40.
Qb5+ Rb6 41. Qc4 Qf8 42. Nc3 Rf6 43. Qb5+ Rb6 44. Qe2 Rf6 45. Nd1 c6 46. Re1
Kc7 47. Qe7+ Qxe7 48. Rxe7+ Kb8 49. Ne3 Nd3 50. Ra3 Nb4 51. Ng4 Rf8 52. Rb3 Ka8
53. Kf1 Nxa6 54. Ra3 c4 55. Rxa6 Rb8 56. Rxc6 Rxb2 57. Re8+ Kb7 58. Rxc4 Rb1+
59. Ke2 Bb6 60. Ree4 Rb2+ 61. Kf3 Rb3+ 62. Ne3 Rb2 63. Rb4 Rd2 64. Rxb6+ Kxb6
1-0

[Event "23.Schlosspark-Open"]
[Site "Wiesbaden"]
[Date "2011.08.28"]
[Round "6.57"]
[White "Maleski, Heinz"]
[Black "Spinnler, Wolfgang"]
[Result "1/2-1/2"]
[WhiteElo "1506"]
[BlackElo "1729"]
[PlyCount "40"]
[EventDate "2011.??.??"]
[WhiteTeam "SC Budenheim"]
[BlackTeam "SC Landskrone"]

1. d4 Nf6 2. Bf4 g6 3. e3 Bg7 4. h3 O-O 5. Be2 c5 6. c3 Qb6 7. Qc2 d6 8. dxc5
Qxc5 9. Nf3 b6 10. O-O Bb7 11. Nbd2 Nbd7 12. Rad1 Qc6 13. Ne1 Qc7 14. Bf3 Bxf3
15. Nexf3 Nh5 16. Bh2 Qb7 17. Qe4 Qxe4 18. Nxe4 Nhf6 19. Nxf6+ Bxf6 20. Rfe1
Nc5 1/2-1/2

[Event "23.Schlosspark-Open"]
[Site "Wiesbaden"]
[Date "2011.08.28"]
[Round "6.58"]
[White "Wöhl, Torsten"]
[Black "Kunkel, Wolfgang"]
[Result "1-0"]
[WhiteElo "1271"]
[BlackElo "1713"]
[PlyCount "119"]
[EventDate "2011.??.??"]
[WhiteTeam "SC Groß-Zimmern"]
[BlackTeam "SK 1858 Gießen"]

1. e4 e5 2. Nf3 f5 3. d3 d6 4. Nc3 Nc6 5. d4 fxe4 6. Nxe4 Bg4 7. Be2 Bxf3 8.
Bxf3 Nxd4 9. c3 Ne6 10. Qb3 d5 11. Ng3 Nf6 12. O-O Nc5 13. Qc2 Bd6 14. Nh5 Qe7
15. Nxf6+ gxf6 16. Bxd5 O-O-O 17. Be3 c6 18. Bc4 b5 19. Be2 Rhg8 20. b4 Ne6 21.
a4 Nf4 22. Bxf4 exf4 23. axb5 cxb5 24. Bf3 Rg5 25. Qe4 Qxe4 26. Bxe4 Bb8 27.
Ra6 f5 28. Bf3 Rd3 29. Be2 Rxc3 30. Bxb5 Kb7 31. Rh6 Rc7 32. Be2 Rcg7 33. Bf3+
Kc7 34. Rd1 R5g6 35. Rh3 Rb6 36. Rd4 Kc8 37. Be2 Rbg6 38. Rc3+ Bc7 39. Bf3 Kb8
40. Rd5 Rg5 41. Rb5+ Bb6 42. h4 R5g6 43. Rxf5 Rg8 44. Rxf4 Re6 45. Kh2 Bc7 46.
Rxc7 Kxc7 47. Bd5 Kd6 48. Bxe6 Kxe6 49. Kh3 Rg7 50. g4 Rb7 51. Kg3 Ke5 52. f3
Kd6 53. Re4 Kc6 54. g5 Kb5 55. Kg4 Ka4 56. f4 a6 57. h5 Rxb4 58. Rxb4+ Kxb4 59.
f5 a5 60. f6 1-0